[Event "ACP Cup 2013"]
[Site "Riga LAT"]
[Date "2013.09.13"]
[Round "1.1"]
[White "Malakhov,V"]
[Black "Eljanov,P"]
[Result "1/2-1/2"]
[WhiteElo "2707"]
[BlackElo "2706"]

1.Nf3 Nf6 2.g3 d5 3.Bg2 c6 4.O-O Bg4 5.c4 e6 6.cxd5 Bxf3 7.Bxf3 cxd5 8.Nc3 Nc6
9.d4 Be7 10.e3 O-O 11.Bd2 Rc8 12.Bg2 Nd7 13.Ne2 Nb6 14.b3 Bb4 15.Bc1 Qe7
16.Nf4 Ba3 17.Bd2 Bb4 18.Nd3 Bxd2 19.Qxd2 Rc7 20.Rfc1 Rfc8 21.a4 Qd8 22.a5 Nd7
23.b4 Ne7 24.Bf1 Nf5 25.Rxc7 Rxc7 26.a6 b6 27.b5 Qc8 28.Nb4 Ne7 29.Bd3 Nf6
30.Qe2 Rc1+ 31.Rxc1 Qxc1+ 32.Kg2 Qc3 33.Na2 Qa3 34.Qc2 g6 35.Nc3 Qd6 36.Na2 h5
37.Qc3 g5 38.Qb4 Qc7 39.Qc3 Qd6 40.Nb4 Kg7 41.Be2 Ne4 42.Qb2 h4 43.Bf3 h3+
44.Kg1 f5 45.Nd3 Qc7 46.Ne5 Qc3 47.Qxc3 Nxc3 48.Nc6 Nxc6 49.bxc6 Nb5 50.g4 Nc7
51.Be2 Kf6 52.f4 gxf4 53.exf4 fxg4 54.Bxg4 Nxa6 55.Bxh3 Nc7 56.Kf2 a5 57.Ke3 b5
58.Bg4 b4 59.Bd1 Nb5 60.h4 Ke7 61.h5 Nd6 62.Bc2 Nf7 63.Kf3 Kd6 64.Ba4 Nh6
65.Kg3 b3 66.Bxb3 Kxc6 67.Ba4+ Kd6 68.Kh4 Nf7 69.Kg4 Ke7 70.f5 Nh6+ 71.Kg5 Nxf5
72.Kg6 Nxd4 73.h6 Nf3 74.h7 Ne5+ 75.Kg7 Nf7 76.Bb3 d4 77.Bc2 e5 78.Kg6 e4
79.Bxe4 a4 80.Kf5 Nh8 81.Bb1 Kd6 82.Ke4 Kc5 83.Ba2 a3 84.Kd3 Ng6 85.Ke4 Nh8  1/2-1/2

[Event "ACP Cup 2013"]
[Site "Riga LAT"]
[Date "2013.09.14"]
[Round "2.2"]
[White "Malakhov,V"]
[Black "Nepomniachtchi,I"]
[Result "1-0"]
[WhiteElo "2707"]
[BlackElo "2717"]

1.e4 e6 2.d4 d5 3.Nd2 c5 4.Ngf3 cxd4 5.Nxd4 Nc6 6.Bb5 Bd7 7.Nxc6 bxc6 8.Bd3 Bd6
9.Qe2 Qc7 10.Nf3 dxe4 11.Qxe4 Nf6 12.Qh4 Qa5+ 13.Bd2 Qh5 14.Qxh5 Nxh5 15.O-O-O Nf4
16.Bf1 f6 17.g3 Ng6 18.Bh3 Bc5 19.Rhe1 Bxf2 20.Re2 Bb6 21.Bxe6 O-O-O 22.Bxd7+ Rxd7
23.Rde1 h5 24.a4 Bc7 25.Re6 Rd6 26.Rxd6 Bxd6 27.Nd4 Kd7 28.Nf5 Be5 29.Nxg7 Ne7
30.Rd1 Kc8 31.Ne6 h4 32.Bf4 hxg3 33.hxg3 Nd5 34.Bxe5 fxe5 35.Re1 Rg8 36.Rxe5 Rxg3
37.Nd4 Kd7 38.Kd2 Rg4 39.c3 Nb6 40.b3 Nd5 41.Ne2 Rg2 42.Kd3 Kd6 43.Rh5 Kc7
44.Rh6 a5 45.Re6 Rh2 46.Kd4 Kb7 47.Kc5 Rh5 48.Ng3 Nc7+ 49.Nxh5 Nxe6+ 50.Kd6 Ng5
51.Nf6 Nf7+ 52.Kc5 Kc7 53.Ne8+ Kd7 54.Ng7 Nd6 55.Kb6 Ne4 56.Kxa5 Nxc3 57.Kb6 Nd5+
58.Kb7 Nc3 59.a5 Kd6 60.a6 Nb5 61.Ne8+ Kd7 62.Nf6+ Kd6 63.Ne4+ Kd7 64.b4 Nc7
65.a7 Na8 66.Kxa8 Kc8 67.Nc5 Kc7 68.Ne6+ Kc8 69.Nd4  1-0

[Event "ACP Cup 2013"]
[Site "Riga LAT"]
[Date "2013.09.14"]
[Round "2.1"]
[White "Nepomniachtchi,I"]
[Black "Malakhov,V"]
[Result "1-0"]
[WhiteElo "2717"]
[BlackElo "2707"]

1.c4 Nf6 2.Nf3 c6 3.Nc3 d5 4.e3 a6 5.Qc2 g6 6.d4 Bg7 7.Bd2 O-O 8.Be2 dxc4
9.Bxc4 Bf5 10.e4 Bg4 11.Be3 Bxf3 12.gxf3 Nh5 13.O-O-O e6 14.Kb1 Qc7 15.Ne2 Nd7
16.Ng3 Nxg3 17.hxg3 Rfd8 18.f4 b5 19.Be2 Rac8 20.g4 Nf8 21.f5 e5 22.d5 Rd6
23.Rc1 Nd7 24.g5 c5 25.f6 Bf8 26.Bg4 c4 27.f4 Re8 28.Rxh7 Nxf6 29.gxf6 Rxf6
30.Qh2 Bg7 31.Rh1  1-0

[Event "ACP Cup 2013"]
[Site "Riga LAT"]
[Date "2013.09.14"]
[Round "2.4"]
[White "Malakhov,V"]
[Black "Nepomniachtchi,I"]
[Result "0-1"]
[WhiteElo "2707"]
[BlackElo "2717"]

1.e4 c5 2.Nf3 d6 3.d4 Nf6 4.dxc5 Nxe4 5.cxd6 Nxd6 6.Nc3 Nc6 7.Bf4 e6 8.Qd2 f6
9.O-O-O e5 10.Be3 Be6 11.Nh4 Qa5 12.a3 O-O-O 13.Qe1 Nc4 14.Rxd8+ Qxd8 15.Bxc4 Bxc4
16.f4 Qa5 17.fxe5 Bxa3 18.Nb1 Bb4 19.Qg3 Qxe5 20.Bf4 Qe4 21.c3 Bb3 22.Qg4+ Be6
23.Qg3 Bb3 24.Qh3+ Be6 25.Nd2 Qd5 26.Qg3 g5 27.cxb4 gxf4 28.Qxf4 Rd8 29.Nhf3 Qa2
30.Re1 Qa1+ 31.Kc2 Qa4+ 32.Kc3 a5 33.b3 axb4+ 34.Kb2 Qa3+ 35.Kb1 Bxb3 36.Qf5+ Kb8
37.Qf4+ Ka8 38.Nxb3 Qxb3+ 39.Ka1 Qa3+ 40.Kb1 Qd3+ 41.Ka1 Qc3+ 42.Kb1 Qb3+
43.Ka1 Rd1+ 44.Rxd1 Qxd1+ 45.Kb2 Qe2+ 46.Nd2 Ne5 47.Kb3 Qd1+ 48.Ka2 Qc2+
49.Ka1 Qc3+ 50.Kb1 Nd3  0-1

[Event "Chinese Teams 2013"]
[Site "Qingdao CHN"]
[Date "2013.10.10"]
[Round "11.5"]
[White "Wang Chen"]
[Black "Malakhov,V"]
[Result "1/2-1/2"]
[WhiteElo "2492"]
[BlackElo "2707"]

1.e4 e5 2.Nf3 Nc6 3.Bb5 Nf6 4.Qe2 Bd6 5.c3 O-O 6.d3 Re8 7.Ba4 Bf8 8.Bg5 d6
9.Nbd2 h6 10.Bh4 Be7 11.Nf1 Nh5 12.Bxe7 Qxe7 13.Ne3 Nf4 14.Qd2 Qf6 15.Ng1 Bd7
16.g3 Ne6 17.h4 Nc5 18.Bc2 a5 19.Ne2 b5 20.O-O Bh3 21.Rfc1 h5 22.Kh2 Bd7
23.Rf1 Ne6 24.Rad1 Ne7 25.d4 Rad8 26.Ng2 Ng6 27.Bb1 Nef8 28.f4 exf4 29.Nexf4 Nxf4
30.Nxf4 Qh6 31.Qf2 Bg4 32.Rde1 c6 33.a4 bxa4 34.Ba2 Re7 35.Nd3 Qg6 36.Nf4 Qh7
37.Nh3 Rdd7 38.Ng5 Qg6 39.Qc2 Ne6 40.Bxe6 Bxe6 41.Qxa4 Rb7 42.Rf2 Bd7 43.Qxa5 f6
44.Qa8+ Be8 45.Nh3 Qg4 46.Nf4 Kh7 47.Qa6 Rb5 48.Qa3 Reb7 49.Ree2 c5 50.d5 Bd7
51.Qa6 R7b6 52.Qa1 Rb8 53.Qb1 Kg8 54.Qd3 Ra5 55.Re1 Ra2 56.Rb1 Re8 57.Re1 Rb8
58.Rb1 Bb5 59.Qe3 Bd7 60.Qd3  1/2-1/2

[Event "Chinese Teams 2013"]
[Site "Qingdao CHN"]
[Date "2013.10.11"]
[Round "12.2"]
[White "Wang,Yiye"]
[Black "Malakhov,V"]
[Result "1/2-1/2"]
[WhiteElo "2258"]
[BlackElo "2707"]

1.e4 g6 2.d4 Bg7 3.h3 d6 4.Nf3 c5 5.c3 Nf6 6.dxc5 Nc6 7.Bd3 dxc5 8.O-O O-O
9.a4 Na5 10.Be3 c4 11.Bc2 Qxd1 12.Rxd1 b6 13.Na3 Bb7 14.Rd4 Rfc8 15.Rad1 Ne8
16.Rd7 Bc6 17.Rxe7 Bf8 18.Re5 f6 19.Rxa5 Bxa3 20.Bxb6 axb6 21.Rxa8 Rxa8 22.bxa3 Bxa4
23.Nd4 Bd7 24.a4 Ra6 25.Rb1 Bxa4 26.Bxa4 Rxa4 27.Rxb6 Ra3 28.Rb8 Kf8 29.Ne6+ Kf7
30.Nd8+ Ke7 31.Nc6+ Kd7 32.Nd4 Nd6 33.Rh8 Rxc3 34.Rxh7+ Kc8 35.Nc6 Rc1+ 36.Kh2 c3
37.Na7+ Kd8 38.Nc6+ Ke8 39.Re7+ Kf8 40.Rc7 Nxe4 41.Nd4 Nxf2 42.Ne2 Rh1+ 43.Kg3 Ne4+
44.Kf4 f5 45.Nxc3 Rf1+ 46.Ke5 Nxc3 47.Rxc3 Kg7 48.Rf3 Rg1 49.Rf2 Kh6 50.Kf4 Ra1
51.g4 Ra4+ 52.Kf3 Kg5 53.gxf5 gxf5 54.Rg2+ Kf6 55.Re2 Rh4 56.Kg3 Kg5 57.Re8 f4+
58.Kg2 Rh7 59.Rg8+ Kf5 60.Rf8+ Ke4 61.Re8+ Kf5 62.Rf8+ Ke5  1/2-1/2

[Event "Chinese Teams 2013"]
[Site "Qingdao CHN"]
[Date "2013.10.12"]
[Round "13.6"]
[White "Malakhov,V"]
[Black "Ma,Zhonghan"]
[Result "1-0"]
[WhiteElo "2707"]
[BlackElo "2401"]

1.d4 d6 2.e4 Nf6 3.Nc3 g6 4.Nf3 Bg7 5.Be2 O-O 6.O-O Bg4 7.h3 Bxf3 8.Bxf3 e5
9.dxe5 dxe5 10.Qxd8 Rxd8 11.Bg5 c6 12.Rfd1 Na6 13.Be3 Rxd1+ 14.Rxd1 Bf8 15.Nb1 Nc5
16.Nd2 Rd8 17.Nc4 Rxd1+ 18.Bxd1 Nfxe4 19.Nxe5 Bg7 20.Nc4 b5 21.f3 bxc4 22.fxe4 Nxe4
23.Bxa7 Bxb2 24.Be2 Nd6 25.a4 Bc3 26.Bb8 Bd4+ 27.Kh1 Nb7 28.Bxc4 Kf8 29.g4 Ke7
30.Kg2 Bb6 31.Bg3 Nc5 32.Bh4+ f6 33.Bb3 Ba5 34.Bf2 Ne4 35.Be3 Kd6 36.h4 Ke5
37.Bg8 h5 38.gxh5 gxh5 39.Bf7 f5 40.Bxh5 f4 41.Ba7 Kf5 42.Bf3 Ng3 43.Bb8 c5
44.h5 Kg5 45.h6 Nf5 46.h7 Bc3 47.a5 Nh4+ 48.Kf2 Ng6 49.a6 Bd4+ 50.Kf1  1-0

[Event "Chinese Teams 2013"]
[Site "Qingdao CHN"]
[Date "2013.10.13"]
[Round "14.1"]
[White "Liu,Chang"]
[Black "Malakhov,V"]
[Result "0-1"]
[WhiteElo "2364"]
[BlackElo "2707"]

1.e4 g6 2.d4 Bg7 3.Nf3 d6 4.Be2 a6 5.c4 Bg4 6.Nc3 Nc6 7.Be3 Nf6 8.d5 Bxf3
9.Bxf3 Ne5 10.Be2 O-O 11.f4 Ned7 12.O-O c6 13.dxc6 bxc6 14.Qd2 Qb8 15.Rac1 Rd8
16.b3 Qb4 17.Rfd1 h5 18.Bf3 Ng4 19.Bxg4 hxg4 20.Na4 Qxd2 21.Bxd2 Bd4+ 22.Kf1 c5
23.Bc3 e5 24.fxe5 dxe5 25.Bxd4 exd4 26.b4 Rac8 27.Nxc5 Nxc5 28.bxc5 Rxc5
29.Rd3 Kg7 30.Kf2 Kf6 31.Kg3 Ke5 32.Kxg4 Rdc8 33.Rf1 R8c7 34.Rdf3 Rxc4 35.Rxf7 d3
36.Rf8 Kxe4 37.Rd8 Ke3+ 38.Kg3 Rc3 39.Rf2 Ra3 40.h4 Rc4 41.Re8+ Kd4 42.Kf3 Ra5
43.g4 Rd5 44.Rf1 Rc2 45.a4 Rd6 46.Re4+ Kc3 47.Rfe1 Rh2 48.Kg3 Rb2 49.Kf3 a5
50.Ke3 Rh2 51.Rc1+ Kb2 52.Rec4 Rc2  0-1

[Event "29th ECC Open 2013"]
[Site "Rhodes GRE"]
[Date "2013.10.20"]
[Round "1.3"]
[White "Kirk,Ez"]
[Black "Malakhov,V"]
[Result "0-1"]
[WhiteElo "2316"]
[BlackElo "2711"]

1.d4 g6 2.c4 Bg7 3.Nc3 e6 4.Nf3 Ne7 5.g3 O-O 6.Bg2 d5 7.O-O Nbc6 8.cxd5 exd5
9.b3 Nf5 10.e3 Be6 11.Ba3 Re8 12.Rc1 h6 13.Ne1 Nce7 14.Nd3 c6 15.Nc5 Bc8
16.Qd2 h5 17.Rfe1 Bh6 18.Rcd1 Nd6 19.Nd3 Nef5 20.Qc2 Bg7 21.Ne5 a6 22.Bb2 Be6
23.Na4 Nh6 24.Nc5 Bf5 25.Qc1 Ng4 26.h3 Nf6 27.f3 Bc8 28.e4 dxe4 29.fxe4 Nh7
30.Rf1 Ng5 31.h4 Ne6 32.Qa1 Qb6 33.Nxe6 Bxe6 34.Kh2 Bxe5 35.dxe5 Nb5 36.Qc1 Rad8
37.Rd6 Nxd6 38.exd6 Kh7 39.Qc3 Rg8 40.Qe5 Rd7 41.Bc1 Qd8 42.Qf4 g5 43.hxg5 Rxd6
44.e5 Rd4 45.Be4+ Kh8 46.Be3 Rxe4 47.Qxe4 Qd5 48.Qf4 Kh7 49.Rf2 Qd1 50.Rd2 Qg4
51.Qxg4 hxg4 52.Kg1 Kg7 53.Bc5 Rh8 54.Be7 Rh3 55.Kf2 Kg6 56.Re2 Kf5 57.Bf6 c5
58.Rd2 b5 59.Kg2 c4 60.bxc4 bxc4 61.Bd8 c3 62.Re2 Bd5+ 63.Kf2 c2  0-1

[Event "29th ECC Open 2013"]
[Site "Rhodes GRE"]
[Date "2013.10.21"]
[Round "2.4"]
[White "Munk,Kai"]
[Black "Malakhov,V"]
[Result "0-1"]
[WhiteElo "2033"]
[BlackElo "2711"]

1.Nf3 g6 2.d4 Bg7 3.Bf4 d6 4.e3 Nd7 5.Bc4 e6 6.c3 Ngf6 7.h3 b6 8.Nbd2 Bb7
9.Qe2 a6 10.a4 Qe7 11.O-O e5 12.dxe5 dxe5 13.Bg5 e4 14.Nh2 h6 15.Bxf6 Nxf6
16.Rfd1 O-O 17.Ndf1 h5 18.Rd2 Nd7 19.f3 exf3 20.Nxf3 Nc5 21.Rad1 Bc6 22.Bd5 Bxa4
23.Ra1 Rad8 24.Bc4 Rxd2 25.N3xd2 a5 26.Bd5 Rd8 27.Bf3 Qe8 28.Rb1 Bc2 29.Rc1 Bd3
30.Qf2 a4 31.Qg3 Qe5 32.Qxe5 Bxe5 33.Kf2 Bxf1 34.Kxf1 Rxd2  0-1

[Event "29th ECC Open 2013"]
[Site "Rhodes GRE"]
[Date "2013.10.23"]
[Round "4.1"]
[White "Malakhov,V"]
[Black "Hracek,Z"]
[Result "1/2-1/2"]
[WhiteElo "2711"]
[BlackElo "2636"]

1.c4 e6 2.Nf3 d5 3.b3 Nf6 4.g3 Be7 5.Bg2 O-O 6.O-O b6 7.Bb2 Bb7 8.e3 Nbd7
9.Qe2 c5 10.Nc3 dxc4 11.bxc4 Ne4 12.Nxe4 Bxe4 13.a4 Qc7 14.a5 Bf6 15.Bxf6 Nxf6
16.Ra3 Rfd8 17.d3 Bc6 18.Rb1 Rab8 19.axb6 axb6 20.Nd2 Ra8 21.Rba1 Rxa3 22.Rxa3 b5
23.Bxc6 Qxc6 24.cxb5 Qxb5 25.Nc4 h6 26.e4 Ne8 27.Qf3 Qb7 28.Qe3 Nd6 29.Nxd6 Rxd6
30.Rc3 Qb2 31.Rxc5 Qb1+ 32.Rc1 Qxd3 33.Qxd3 Rxd3 34.h4 g5 35.hxg5 hxg5 36.Rc5 f6
37.g4 Kf7 38.Rc7+ Kg6 39.Kg2 e5 40.f3 Rd2+ 41.Kg3  1/2-1/2

[Event "29th ECC Open 2013"]
[Site "Rhodes GRE"]
[Date "2013.10.25"]
[Round "6.2"]
[White "Hautot,S"]
[Black "Malakhov,V"]
[Result "0-1"]
[WhiteElo "2378"]
[BlackElo "2711"]

1.d4 g6 2.e4 Bg7 3.Nc3 d6 4.Be3 a6 5.Qd2 b5 6.h4 h6 7.h5 g5 8.Nce2 Nd7 9.Ng3 Nb6
10.b3 e6 11.Bd3 Ne7 12.N1e2 f5 13.exf5 exf5 14.f4 g4 15.c4 bxc4 16.bxc4 d5
17.cxd5 O-O 18.O-O Nexd5 19.Bf2 Qd7 20.Rac1 Rf7 21.Qa5 Bb7 22.Rc2 Bf8 23.a3 Bd6
24.Rb1 Raf8 25.Rc5 Bxc5 26.dxc5 Ne3 27.Qc3 Qc6 28.Be4 Ned5 29.cxb6 Qxc3 30.Nxc3 Nxc3
31.Bxb7 Nxb1 32.Bd5 cxb6 33.Nxf5 Kh7 34.Nd6 Rxf4 35.Bxb6 g3 36.Be4+ Kg8 37.Bd5+ Kg7
38.Bf3 Nd2  0-1

[Event "29th ECC Open 2013"]
[Site "Rhodes GRE"]
[Date "2013.10.26"]
[Round "7.3"]
[White "Malakhov,V"]
[Black "Smirnov,P"]
[Result "1/2-1/2"]
[WhiteElo "2711"]
[BlackElo "2641"]

1.Nf3 Nf6 2.g3 d5 3.Bg2 e6 4.O-O Be7 5.b3 O-O 6.c4 b6 7.Bb2 Bb7 8.e3 c5 9.Nc3 dxc4
10.bxc4 Nc6 11.Qe2 Qc7 12.Ne1 a6 13.f4 Rad8 14.Rd1 Ne8 15.f5 Bf6 16.fxe6 fxe6
17.Nd3 Nd6 18.Nf4 Rde8 19.Ncd5 exd5 20.Bxd5+ Kh8 21.Qh5 Ne7 22.Ne6 Qd7 23.Rxf6 Rxf6
24.Nxg7 Nxd5 25.Nxe8 Qxe8 26.Qh4 Kg8 27.Bxf6 Nxf6 28.Qxf6 Qe4 29.Qg5+ Kf7
30.Qf4+ Qxf4 31.exf4 Nxc4 32.d4 Ke6 33.dxc5 bxc5 34.Kf2 Bd5 35.g4 Nd6 36.Re1+ Kd7
37.a3 Bb3 38.Ke3 c4 39.f5 c3 40.Kd3 Nb5 41.g5 c2 42.g6 hxg6 43.fxg6 Be6 44.g7 Nxa3
45.Kd2 Bg8 46.Re4 Nc4+ 47.Kxc2 Nd6 48.Rf4 Bh7+ 49.Kc3 Ke7 50.Rf8 Ne4+ 51.Kd4 Nf6
52.h4 a5 53.Ra8 Kf7 54.Ra7+ Kg6 55.Ke5 Nh5 56.Rxa5 Kxg7 57.Ra7+  1/2-1/2

[Event "Chinese Teams 2013"]
[Site "Shijiazhuang CHN"]
[Date "2013.11.11"]
[Round "15.6"]
[White "Wan Yunguo"]
[Black "Malakhov,V"]
[Result "0-1"]
[WhiteElo "2516"]
[BlackElo "2708"]

1.e4 e5 2.Nf3 Nc6 3.d4 exd4 4.Nxd4 Bc5 5.Nb3 Bb6 6.Nc3 Nf6 7.Bg5 d6 8.Qd2 h6
9.Be3 O-O 10.O-O-O Be6 11.Kb1 Bxe3 12.Qxe3 a6 13.f3 b5 14.g4 Nd7 15.h4 Nce5
16.g5 h5 17.f4 Ng4 18.Qf3 b4 19.Ne2 Bxb3 20.cxb3 Nc5 21.Bh3 Qc8 22.f5 a5
23.Bxg4 hxg4 24.Qxg4 a4 25.bxa4 Rxa4 26.Rd4 Qa6 27.Nc1 Ra8 28.g6 Rxa2 29.gxf7+ Kf8
30.e5 b3 31.Nxa2 Qxa2+ 32.Kc1 Qa1+ 33.Kd2 Qxb2+  0-1

[Event "Chinese Teams 2013"]
[Site "Shijiazhuang CHN"]
[Date "2013.11.12"]
[Round "16.2"]
[White "Malakhov,V"]
[Black "Ding Liren"]
[Result "1-0"]
[WhiteElo "2708"]
[BlackElo "2711"]

1.d4 Nf6 2.c4 g6 3.Nc3 Bg7 4.e4 O-O 5.Bd3 Nc6 6.Nge2 e5 7.dxe5 Nxe5 8.O-O d6
9.b3 Nfg4 10.h3 Nxd3 11.Qxd3 Ne5 12.Qg3 f5 13.Bg5 Qe8 14.exf5 Bxf5 15.Rad1 Qf7
16.Nd4 h6 17.Be3 Kh7 18.f4 Nd7 19.Qf3 Nc5 20.Nxf5 gxf5 21.Bxc5 dxc5 22.Kh2 c6
23.Na4 Bd4 24.b4 b6 25.bxc5 bxc5 26.Qxc6 Rac8 27.Qd5 Qxd5 28.cxd5 Rfd8 29.Rf3 Kg6
30.Ra3 Rxd5 31.Rad3 Kh5 32.Nxc5 Rcxc5 33.Rxd4 Rxd4 34.Rxd4 Rc2 35.Ra4 Kh4
36.Ra5 h5 37.a3 Ra2 38.Rxf5 a5 39.Rc5 a4 40.f5 Kg5 41.f6+ Kxf6 42.Rxh5 Rxa3
43.Ra5 Kg6 44.h4 Kh6 45.g3 Ra1 46.Kh3 a3 47.Ra6+ Kh7 48.g4 a2 49.Kh2 Kg7
50.h5 Kh7 51.g5 Kg8 52.Ra7 Kh8 53.Ra8+ Kh7 54.Ra5 Kg8 55.Ra4 Kh8 56.h6 Rf1
57.Rxa2 Rf5 58.Rg2 Kh7 59.g6+ Kg8 60.Rg3 Rh5+ 61.Rh3 Rg5 62.g7 Kh7 63.Rg3 Rh5+
64.Kg2 Kg8 65.Rh3 Rg5+ 66.Kf3  1-0

[Event "Chinese Teams 2013"]
[Site "Shijiazhuang CHN"]
[Date "2013.11.13"]
[Round "17.5"]
[White "Lou Yiping"]
[Black "Malakhov,V"]
[Result "0-1"]
[WhiteElo "2491"]
[BlackElo "2708"]

1.d4 g6 2.e4 Bg7 3.Nc3 d6 4.Nf3 a6 5.a4 b6 6.Bc4 e6 7.O-O Ne7 8.Qe2 h6 9.d5 e5
10.Ne1 O-O 11.Nd3 Nd7 12.Nb4 Nc5 13.Nc6 Qe8 14.b4 Nxc6 15.dxc6 Ne6 16.Nd5 Nd4
17.Qd3 Qd8 18.b5 axb5 19.Bxb5 Nxb5 20.Qxb5 Ba6 21.Qb3 Bxf1 22.Kxf1 Qh4 23.Be3 Qxh2
24.Ke2 Ra7 25.g3 Qh5+ 26.Kd2 Kh7 27.a5 f5 28.exf5 gxf5 29.Ra4 Qf7 30.a6 Rfa8
31.Qb5 Rxa6 32.Rxa6 Rxa6 33.Qxa6 Qxd5+ 34.Qd3 Qa5+ 35.Ke2 e4 36.Qb3 d5 37.f3 Qa6+
38.Kf2 exf3 39.Qd3 Qxd3 40.cxd3 Be5 41.Kxf3 Kg6 42.Bd2 Bd6  0-1

[Event "Chinese Teams 2013"]
[Site "Tianjin CHN"]
[Date "2013.12.21"]
[Round "19.4"]
[White "Wen Yang"]
[Black "Malakhov,V"]
[Result "0-1"]
[WhiteElo "2585"]
[BlackElo "2708"]

1.c4 e5 2.Nc3 Nf6 3.g3 Bb4 4.Bg2 O-O 5.Nf3 Bxc3 6.bxc3 Re8 7.O-O c6 8.d3 h6
9.Rb1 Na6 10.Ba3 d6 11.e4 Nc5 12.Nxe5 Rxe5 13.d4 Rxe4 14.dxc5 Rxc4 15.cxd6 b5
16.Rb4 Be6 17.Rxc4 Bxc4 18.Re1 Bd5 19.Bh3 a5 20.Qc2 b4 21.cxb4 Qxd6 22.Qc3 Ne4
23.bxa5 Qd8 24.Qe3 Qxa5 25.Bb2 Qb4 26.Bd4 Ra3  0-1

[Event "Chinese Teams 2013"]
[Site "Tianjin CHN"]
[Date "2013.12.22"]
[Round "20.4"]
[White "Malakhov,V"]
[Black "Yu Yangyi"]
[Result "1/2-1/2"]
[WhiteElo "2708"]
[BlackElo "2668"]

1.c4 c5 2.Nf3 Nf6 3.Nc3 e6 4.g3 b6 5.Bg2 Bb7 6.O-O d6 7.d4 cxd4 8.Qxd4 a6
9.Bg5 Nbd7 10.Qd2 Rc8 11.b3 Be7 12.Rfd1 O-O 13.Rac1 Nc5 14.Bxf6 Bxf6 15.b4 Nd7
16.Qxd6 Rxc4 17.Qxd7 Qxd7 18.Rxd7 Bxf3 19.Bxf3 Rxc3 20.Rxc3 Bxc3 21.a3 Bb2
22.a4 Ba3 23.b5 axb5 24.axb5 g6 25.Bc6 Bc5 26.Kg2 f5 27.Rd2 Kg7 28.Rd7+ Rf7
29.f4 Rxd7 30.Bxd7 Kf6 31.Kf3  1/2-1/2

[Event "Chinese Teams 2013"]
[Site "Tianjin CHN"]
[Date "2013.12.23"]
[Round "21.3"]
[White "Yu Ruiyuan"]
[Black "Malakhov,V"]
[Result "1/2-1/2"]
[WhiteElo "2553"]
[BlackElo "2708"]

1.e4 e5 2.Nf3 Nc6 3.Bb5 Nf6 4.O-O Nxe4 5.d4 Be7 6.Qe2 Nd6 7.Bxc6 bxc6 8.dxe5 Nb7
9.Nc3 O-O 10.Re1 Nc5 11.Be3 Ne6 12.Rad1 d5 13.exd6 cxd6 14.Nd4 Nxd4 15.Bxd4 Re8
16.Qf3 Bd7 17.Ne4 d5 18.Qg3 f6 19.Nd6 Bxd6 20.Qxd6 Bg4 21.Qxd8 Raxd8 22.f3 Bf5
23.c3 a6 24.Kf2 Kf7 25.Rxe8 Rxe8 26.Re1 Rxe1 27.Kxe1 Bb1 28.a4 Bc2 29.a5 Bd3
30.Kd2 Bf1 31.g3 Ke6 32.Bc5 h5 33.Ke3 g5 34.Bb6 g4 35.f4 f5 36.Kd4 Be2 37.Bc7 Bf1
38.Be5 Be2  1/2-1/2

[Event "Chinese Teams 2013"]
[Site "Tianjin CHN"]
[Date "2013.12.24"]
[Round "22.5"]
[White "Malakhov,V"]
[Black "Wang Chen"]
[Result "1/2-1/2"]
[WhiteElo "2708"]
[BlackElo "2503"]

1.Nf3 e6 2.g3 Nf6 3.Bg2 g6 4.b3 Bg7 5.Bb2 O-O 6.O-O d5 7.c4 b6 8.cxd5 exd5
9.d3 Bb7 10.Nbd2 Nbd7 11.b4 Qe7 12.Qb3 c6 13.Rfe1 a5 14.a3 Rfe8 15.h3 h6
16.e4 dxe4 17.dxe4 axb4 18.axb4 Rxa1 19.Bxa1 Ba8 20.Nc4 b5 21.Nce5 c5 22.Nxg6 Qe6
23.Qxe6 Rxe6 24.Ngh4 Rxe4 25.Rd1 Rxb4 26.Nf5 Be4 27.Nxg7 Kxg7 28.Ne5 Nxe5
29.Bxe5 Rb1 30.Rxb1 Bxb1 31.Bc6 Bd3 32.Bd6 Ne4 33.Bxe4 Bxe4 34.Bxc5  1/2-1/2

[Event "V Chebanenko Rapid Open 2014"]
[Site "Chisinau MDA"]
[Date "2014.04.01"]
[Round "1.1"]
[White "Malakhov,V"]
[Black "Ungureanu,V"]
[Result "1-0"]
[WhiteElo "2701"]
[BlackElo "2369"]

1.c4 c5 2.Nf3 Nc6 3.d4 cxd4 4.Nxd4 Nf6 5.Nc3 e6 6.a3 a6 7.e4 d6 8.Be2 Be7
9.Be3 O-O 10.O-O Qc7 11.Rc1 Ne5 12.f3 h5 13.Kh1 h4 14.f4 Ned7 15.h3 b6 16.Bf2 Re8
17.Bf3 Bb7 18.f5 e5 19.Nde2 Nc5 20.Qc2 a5 21.Bxh4 Nfxe4 22.Bxe7 Nxc3 23.Nxc3 Qxe7
24.f6 Qd7 25.Bxb7 Qxb7 26.Nd5 e4 27.Qd2 Re5 28.fxg7 Kxg7 29.Qe3 Rh8 30.Qg3+ Kf8
31.Rf6 Rg8 32.Qf4 Nd3 33.Qh6+ Ke8 34.Rxd6 Rxd5 35.Rxd5 Nxc1 36.Qxc1 Qc7 37.Qc2 Qf4
38.Qe2 Rg3 39.Rd1 Ke7 40.Re1 e3 41.Rf1 Qe4 42.Kh2 Qe5 43.Kg1 Qe4 44.b4 axb4
45.axb4 Rg5 46.Qf3 Qe6 47.Re1 Re5 48.Re2 Qxc4 49.Rxe3 Qd4 50.Kf2 b5 51.Qb7+ Kf6
52.Qc6+ Kg7 53.Qc3 Qxc3 54.Rxc3 Re4 55.Rg3+ Kf6 56.Rg4 Re6 57.h4 Re5 58.Kf3 Rd5
59.Rf4+ Kg6 60.g4 f6 61.Ke4 Rd1 62.Rf5 Rg1 63.h5+ Kg7 64.Rf4 Rd1 65.Ke3 Rd8
66.Rf5 Rb8 67.Kf4 Rb6 68.Rc5 Rd6 69.Rxb5 Rd1 70.Rb8 Rf1+ 71.Kg3 Rg1+ 72.Kf3 f5
73.gxf5 Rg5 74.Kf4 Rxh5 75.Ke5 Rh1 76.Rb7+ Kh6 77.b5 Rb1 78.Kf6 Rb2 79.Rb8 Kh7
80.b6 Rb1 81.b7 Rb6+ 82.Ke7 Rb1 83.f6 Re1+ 84.Kd6 Rd1+ 85.Ke5 Re1+ 86.Kd4  1-0

[Event "V Chebanenko Rapid Open 2014"]
[Site "Chisinau MDA"]
[Date "2014.04.01"]
[Round "2.1"]
[White "Nigalidze,G"]
[Black "Malakhov,V"]
[Result "1/2-1/2"]
[WhiteElo "2536"]
[BlackElo "2701"]

1.d4 g6 2.c4 Bg7 3.e4 e6 4.Nc3 Ne7 5.Nf3 d5 6.Be2 Nbc6 7.cxd5 exd5 8.exd5 Nxd5
9.Bg5 Qd6 10.O-O O-O 11.Qb3 Be6 12.Qxb7 Rab8 13.Qa6 Rb6 14.Qa4 Rxb2 15.Ne4 Qb4
16.Qxc6 Rxe2 17.Nc5 Qb6 18.Qa4 Nc3 19.Qa3 Rc2 20.Nxe6 fxe6 21.Be3 Nd5 22.Rab1 Qd6
23.Qa4 Re2 24.Rfe1 Rxe1+ 25.Rxe1 a6 26.Bc1 Qb4 27.Qxb4 Nxb4 28.Rxe6 Nxa2
29.Ba3 Rb8 30.h4 Nc3 31.Rxa6 Ne2+ 32.Kh2 Nxd4 33.Nxd4 Bxd4 34.Rc6 Rb3 35.Bc1 Bxf2
36.Bf4 Bxh4 37.Rxc7 Bf6 38.Rc8+ Kf7 39.Rc7+ Ke6 40.Rxh7 g5 41.Bg3  1/2-1/2

[Event "V Chebanenko Rapid Open 2014"]
[Site "Chisinau MDA"]
[Date "2014.04.01"]
[Round "5.2"]
[White "Malakhov,V"]
[Black "Lysyj,I"]
[Result "1/2-1/2"]
[WhiteElo "2701"]
[BlackElo "2662"]

1.Nf3 Nf6 2.g3 d5 3.Bg2 e6 4.O-O Be7 5.c4 O-O 6.b3 b6 7.Bb2 Bb7 8.e3 Nbd7
9.Nc3 c5 10.Qe2 Qc7 11.Ne1 Rad8 12.f4 Qb8 13.d3 a6 14.Nf3 dxc4 15.dxc4 Ne4
16.Nxe4 Bxe4 17.Rad1 Bf6 18.Ne5 Bxe5 19.Bxe5 Nxe5 20.Bxe4 Ng6 21.Bd3 Ne7
22.Rd2 Rd6 23.Rfd1 Rfd8 24.Be4 Rxd2 25.Rxd2 Rxd2 26.Qxd2 Qc7 27.Bb7 a5 28.Be4 h5
29.Kf2  1/2-1/2

[Event "V Chebanenko Rapid Tiebreak 2014"]
[Site "Chisinau MDA"]
[Date "2014.04.02"]
[Round "1"]
[White "Bologan,V"]
[Black "Malakhov,V"]
[Result "1-0"]
[WhiteElo "2649"]
[BlackElo "2701"]

1.d4 d5 2.c4 c6 3.Nf3 Nf6 4.Nc3 a6 5.c5 Nbd7 6.Bf4 Nh5 7.Bd2 Nhf6 8.Rc1 g6
9.g3 Bg7 10.Bg2 O-O 11.O-O Re8 12.Re1 Nf8 13.Bf4 Ne6 14.Be5 Nd7 15.Bxg7 Kxg7
16.e4 dxe4 17.Nxe4 Nf6  1-0

[Event "V Chebanenko Rapid Tiebreak 2014"]
[Site "Chisinau MDA"]
[Date "2014.04.02"]
[Round "3"]
[White "Bologan,V"]
[Black "Malakhov,V"]
[Result "1-0"]
[WhiteElo "2649"]
[BlackElo "2701"]

1.d4 g6 2.c4 Bg7 3.e4 e6 4.Nc3 Ne7 5.h4 h6 6.f4 d5 7.e5 h5 8.c5 b6 9.b4 a5
10.b5 bxc5 11.dxc5 Nf5 12.a4 Nd7 13.c6 Nb6 14.Bd3 Nxh4 15.Nf3 Nf5 16.Ba3 f6
17.Qd2 fxe5 18.Nxe5 Qf6 19.O-O-O g5 20.g3 g4 21.Rhe1 Bf8 22.Bxf8 Kxf8 23.Bxf5 Qxf5
24.Qd4 Rh7 25.Rh1 Rb8 26.Rh4 Bb7 27.cxb7 Rxb7 28.Rdh1 Rb8 29.Nxg4 Nd7 30.Ne5 Nf6
31.g4 hxg4 32.Rxh7 Nxh7 33.Nd7+ Kf7 34.Nxb8 Nf6 35.Nc6 g3 36.Ne5+ Kg8 37.Rg1 Nh5
38.Qe3 Qh3 39.Ne2 Kf8 40.Rxg3 Qf1+ 41.Kd2 Nxg3 42.Qxg3 Qa1 43.Qc3 Qxa4 44.Qc5+ Kg8
45.Qxc7 Qb4+ 46.Ke3 Qe4+ 47.Kf2 Qf5 48.Qd8+ Kh7 49.Qe7+ Kh6 50.Qh4+ Kg7 51.Qg5+ Qxg5
52.fxg5 a4 53.Nc3 a3 54.Na2 d4 55.Ke2 Kh7 56.b6  1-0

[Event "V Chebanenko Rapid Open 2014"]
[Site "Chisinau MDA"]
[Date "2014.04.02"]
[Round "8.2"]
[White "Malakhov,V"]
[Black "Bologan,V"]
[Result "1/2-1/2"]
[WhiteElo "2701"]
[BlackElo "2649"]

1.e4 c5 2.Nf3 d6 3.d4 cxd4 4.Qxd4 Nc6 5.Bb5 Bd7 6.Qd3 g6 7.O-O Bg7 8.c4 Nf6
9.Nc3 O-O 10.h3 a6 11.Bxc6 Bxc6 12.Be3 Nd7 13.Nd4 Nc5 14.Qc2 Rc8 15.Rac1 Qa5
16.Rfd1 Rfe8 17.Qd2 Na4 18.Nd5 Qxd2 19.Rxd2 e6 20.Nxc6 exd5 21.Na5 Bxb2 22.Rcc2 b6
23.Nb7 Ba3 24.Rxd5 Rc6 25.Rd3 Bc5 26.Nxc5 dxc5 27.Bh6 b5 28.cxb5 axb5 29.Rd7 b4
30.Rb7 Nc3 31.f3 f5 32.Rd2 g5 33.Bxg5 fxe4 34.fxe4 Nxe4 35.Rdd7 Nxg5 36.Rg7+ Kh8
37.Rxg5 Rg8 38.Re5 Rgc8 39.Ree7 h6 40.Kh2 Ra6 41.Rh7+ Kg8 42.Rbg7+ Kf8 43.Rf7+ Kg8
44.Rfg7+ Kf8 45.Rg3 Rac6 46.Rgg7 c4 47.Rb7 Kg8 48.Rhg7+ Kh8 49.Rh7+  1/2-1/2

[Event "V Chebanenko Rapid Open 2014"]
[Site "Chisinau MDA"]
[Date "2014.04.02"]
[Round "9.2"]
[White "Kuzubov,Y"]
[Black "Malakhov,V"]
[Result "0-1"]
[WhiteElo "2639"]
[BlackElo "2701"]

1.c4 g6 2.d4 Bg7 3.Nc3 e6 4.Nf3 Ne7 5.h4 h6 6.Bf4 d6 7.Qd2 a6 8.e4 b6 9.Be3 Nd7
10.Be2 Nf6 11.Rd1 Bb7 12.Qc2 O-O 13.Nd2 c5 14.dxc5 dxc5 15.h5 g5 16.e5 Nd7
17.Nde4 Qc7 18.Rxd7 Qxd7 19.Nf6+ Bxf6 20.exf6 Nf5 21.Bd3 Rad8 22.Ke2 Nd4+
23.Bxd4 Qxd4 24.Rd1 Qxf6 25.Be4 Rxd1 26.Kxd1 Qd4+ 27.Ke1 Bxe4 28.Nxe4 Rd8
29.Ke2 Qe5 30.Kf1 Rd4 31.Nd2 Qf5  0-1